PHTLS básico y avanzado. (Registro nro. 599)
[ vista simple ]
| 000 -LEADER | |
|---|---|
| fixed length control field | 01560 am a2200409 a 4500 |
| 005 - FECHA ULTIMA MODIFICACION | |
| control field | 20240605110438.0 |
| 008 - CAMPO DE CONTROL (LIBRO) | |
| fixed length control field | 100810s1993||||mx a f |||| 001 0 spa d |
| 020 ## - INTERNATIONAL STANDARD BOOK NUMBER | |
| ISBN | S/N |
| 041 ## - CODIGO DE IDIOMA | |
| Código de idioma del texto/pista de sonido o título separado | spa |
| 092 ## - SIGNATURA TOPOGRAFICA DEWEY LOCAL | |
| número de clasificación | 617.1 |
| libristica | 3 |
| sección | APO |
| 245 ## - TITULO PROPIAMENTE DICHO | |
| Título | PHTLS básico y avanzado. |
| Subtítulo y Título paralelo | Apoyo vital prehospitalario en trauma / |
| Mención de responsabilidad y remanente de la transcripción de la portada | Norman E. McSwain Jr. |
| 250 ## - MENCION DE EDICION | |
| Mención de edición | 2a ed. en español |
| Mención de responsabilidad relacionada con la ed. | Traducción Fernando Magallanes Negrete. |
| 260 ## - PIE DE IMPRENTA | |
| Lugar de publicación, distribución, etc | México: |
| Nombre de la editorial, distribuidor, etc | Emergency Training; |
| Fecha de publicación | 1993. |
| 300 ## - DESCRIPCION FISICA | |
| Extension | 436 p. |
| 500 ## - NOTA GENERAL | |
| Nota general | McSwain, N. Jr. (Ed.) et al. (1993). PHTLS básico y avanzado. Apoyo vital prehospitalario en trauma. (2a ed.). México : Emergency training. |
| 653 ## - TÉRMINO INDIZADO - PALABRAS CLAVES | |
| Palabra clave | Cinemática del trauma |
| 653 ## - TÉRMINO INDIZADO - PALABRAS CLAVES | |
| Palabra clave | Evaluación y manejo del paciente |
| 653 ## - TÉRMINO INDIZADO - PALABRAS CLAVES | |
| Palabra clave | Manejo de vía aérea y ventilación |
| 653 ## - TÉRMINO INDIZADO - PALABRAS CLAVES | |
| Palabra clave | Manejo de vía aérea y destrezas de ventilación |
| 653 ## - TÉRMINO INDIZADO - PALABRAS CLAVES | |
| Palabra clave | Trauma torácico |
| 653 ## - TÉRMINO INDIZADO - PALABRAS CLAVES | |
| Palabra clave | Shock y resucitación con líquidos |
| 653 ## - TÉRMINO INDIZADO - PALABRAS CLAVES | |
| Palabra clave | Trauma abdominal |
| 653 ## - TÉRMINO INDIZADO - PALABRAS CLAVES | |
| Palabra clave | Trauma de cabeza |
| 653 ## - TÉRMINO INDIZADO - PALABRAS CLAVES | |
| Palabra clave | Trauma de columna |
| 653 ## - TÉRMINO INDIZADO - PALABRAS CLAVES | |
| Palabra clave | Destrezas de manejo de columna |
| 653 ## - TÉRMINO INDIZADO - PALABRAS CLAVES | |
| Palabra clave | Trauma de extremidades |
| 653 ## - TÉRMINO INDIZADO - PALABRAS CLAVES | |
| Palabra clave | Trauma térmico |
| 653 ## - TÉRMINO INDIZADO - PALABRAS CLAVES | |
| Palabra clave | Atención inicial y resucitación del niño lesionado |
| 653 ## - TÉRMINO INDIZADO - PALABRAS CLAVES | |
| Palabra clave | Consideraciones especiales en trauma del anciano |
| 653 ## - TÉRMINO INDIZADO - PALABRAS CLAVES | |
| Palabra clave | Consideraciones en trauma prehospitalario |
| 700 1# - ENTRADAS SECUNDARIAS - NOMBRE PERSONAL | |
| Nombre personal | McSwain, Norman Jr, |
| Función | Ed. |
| 9 (RLIN) | 688 |
| 700 1# - ENTRADAS SECUNDARIAS - NOMBRE PERSONAL | |
| Nombre personal | Butman, Alexander M, |
| Función | Ed. |
| 9 (RLIN) | 689 |
| 700 1# - ENTRADAS SECUNDARIAS - NOMBRE PERSONAL | |
| Nombre personal | McCornell, Willian K, |
| Función | Ed. |
| 9 (RLIN) | 690 |
| 700 1# - ENTRADAS SECUNDARIAS - NOMBRE PERSONAL | |
| Nombre personal | Vomacka, Richard W, |
| Función | Ed. |
| 9 (RLIN) | 691 |
| 930 ## - NUMERO DE INVENTARIO | |
| Número de inventario | 995 |
| 942 ## - ADDED ENTRY ELEMENTS (KOHA) | |
| Source of classification or shelving scheme | Dewey Decimal Classification |
| Item type | Libros |
| Estado de retiro | Existencia | Fuente de clasificación | Estado general | No para prestamo | Colección | Ubicación permanente | ubicación actual | Sala de ubicación | Fecha de adquisición | Total Checkouts | Número de clasificación | Código de barras | Date last seen | Date last borrowed | Número de ejemplar | Price effective from | Koha tipo de elemento (item) | Public note |
|---|---|---|---|---|---|---|---|---|---|---|---|---|---|---|---|---|---|---|
| Dewey Decimal Classification | Reference | Biblioteca Medicina | Biblioteca Medicina | Referencia | 13/05/2011 | 2 | 617.1 3 APO | 995 | 06/11/2014 | 18/05/2012 | ej.1 | 13/05/2011 | Reference | LIBRO DE CONSULTA |